000
00487nam a2200145Ia 4500
008
100122s9999 xx 000 0 und d
082
_b
33095
_a
823
100
_a
अष्टीकर मंदाकिनी
245
_a
गंध होता चंदनाला
260
_b
मनोरमा प्रकाशन
_c
1905
300
_a
212
630
_a
गंध होता चंदनाला
730
_a
गंध होता चंदनाला
942
_c
BOOK
999
_c
417265
_d
417262